| 000 | 01382cam a22003011i 4500 | ||
|---|---|---|---|
| 003 | SA-RiAUC | ||
| 005 | 20241212080831.0 | ||
| 008 | 241211q19001999le g 000 0 ara c | ||
| 040 |
_aEG-CaDAJ _bara _cSA-RiAUC _erda |
||
| 082 | 0 | 4 | _a237.18 |
| 090 |
_a237.18 _b ج م ا |
||
| 100 | 1 |
_aالجمال الملطي، يوسف بن موسى بن محمد، _d726-803 هجري _eمؤلف. |
|
| 245 | 1 | 2 |
_aالمعتصر من المختصر من مشكل الآثار / _cأبو المحاسن يوسف بن موسى. |
| 264 | 1 |
_aبيروت : _a[القاهرة] : _bعالم الكتب ؛ _bمكتبة المتنبي، _c[بين 1900 و1999] |
|
| 300 |
_a2 مجلد؛ _c24 سم |
||
| 336 |
_aنص _btxt _2rdacontent _3كتاب |
||
| 337 |
_aبدون وسيط _bn _2rdamedia |
||
| 338 |
_aمجلد _bnc _2rdacarrier |
||
| 650 | 7 |
_aالحديث _xأحكام _2aucsh |
|
| 650 | 7 |
_aالفقه الحنفي _2aucsh |
|
| 700 | 1 | 2 |
_aأبو الوليد الباجي، سليمان بن خلف بن سعد، _d403-474 هجري. _tالمختصر من مشكل الآثار. |
| 700 | 1 | 2 |
_aالطحاوي، أحمد بن محمد بن سلامة، _d239-321 هجري. _tمشكل الآثار. |
| 740 | 2 | 2 | _aالمختصر من مشكل الآثار. |
| 740 | 0 | 2 | _aمشكل الآثار. |
| 942 |
_2ddc _cBOOK _n0 |
||
| 949 |
_aSA-JeALM _d241211 _umohamedma123 _n1 |
||
| 999 |
_c3401 _d3401 |
||